Normal view
MARC view
Entry Topical Term
001 - CONTROL NUMBER
- control field: 38978
003 - CONTROL NUMBER IDENTIFIER
- control field: OSt
005 - DATE AND TIME OF LATEST TRANSACTION
- control field: 20230622104138.0
008 - FIXED-LENGTH DATA ELEMENTS
- fixed length control field: 230622|| aca||aabn | a|a d
040 ## - CATALOGING SOURCE
- Original cataloging agency: OSt
- Transcribing agency: OSt
150 ## - HEADING--TOPICAL TERM
- Topical term or geographic name entry element: Social capital, Scheduled tribes, North-East India, Tribes, Tribal development
670 ## - SOURCE DATA FOUND
- Source citation: Work cat.: (OSt)522175: Kumar, Neeraj and Maya K. 38977, Social capital and government action: A case study of scheduled tribes in North-East India
